| 000 | 01027nam a22003137a 4500 | ||
|---|---|---|---|
| 003 | CHAP | ||
| 005 | 20220329141720.0 | ||
| 008 | 971013s1968 r 00010 d | ||
| 010 | _a72697 | ||
| 011 | _a73669 | ||
| 035 | _a83227 | ||
| 040 | _cCHAP | ||
| 090 | _aTesis | ||
| 100 | 0 | 0 |
_aGarcía de la Brena, Luis Gerardo. _945901 |
| 245 | _aEstudio del sistema de bombeo de un ingenio azucarero por aumento en la capacidad de molienda | ||
| 260 |
_aMéxico, D.F. : _bEl autor, _c1968 |
||
| 300 |
_a143 h. _b: ilus. |
||
| 502 | _aTesis (Ing. Químico) -- UNAM. Fac. de Química | ||
| 590 |
_aALEPH _b10 _c20130110 _lUCH01 _h1413 |
||
| 590 |
_aBATCH-UPD _b10 _c20130110 _lUCH01 _h0636 |
||
| 590 |
_aBATCH-UPD _b10 _c20130410 _lUCH01 _h0320 |
||
| 590 |
_aBATCH-UPD _b10 _c20130914 _lUCH01 _h0511 |
||
| 590 |
_aCONVERSION _b10 _c20130109 _lUCH01 _h1340 |
||
| 650 | 1 | 4 |
_aAzúcar _xMaquinaria. _99162 |
| 650 | 1 | 4 |
_aIngenio Azucarero Emiliano Zapata. _958285 |
| 901 | _aBK | ||
| 942 | _cTESIS | ||
| 949 |
_bBC _cTES _d-37677 _eTS1 _i83227 _si |
||
| 999 |
_c72697 _d72697 |
||